000 01966nam0a2200373 i 4500
001 RU\NLR\BIBL_A\011134369
005 20260503060544.0
021 _aRU
_b2016-36801
_92365
035 _a(NILC)RuMoRGB-008476493
035 _a(NLR Aleph) 011134369
090 _a11585762
_c11585762
100 _a20160524d2015 km y0rusy50 ca
101 0 _arus
102 _aRU
105 _ay|||z|||000yy
200 1 _aЭкстремизм: стратегия противодействия и прокурорский надзор
_eмонография
_f[П.В. Агапов, д.ю.н., доц., С.В. Борисов, к.ю.н., доц., Т.Ю. Борисов и др.]
_gАкад. Генеральной прокуратуры Российской Федерации
210 _aМосква
_cАкадемия Генеральной прокуратуры Российской Федерации
_d2015
215 _a427 с.
_d22
300 _aАвт. указаны на 3-й с.
320 _aБиблиогр. в подстроч. примеч.
606 1 _aЭкстремизм
_xБорьба с ним
_xПрокурорский надзор
_yРоссийская Федерация
_92125410
_3RU\NLR\AUTH\661586704
675 _a343
686 1 _aХ628.322.111.13
686 1 _aХ629.12
701 1 _aАгапов
_bП. В.
_gПавел Валерьевич
_3RU\NLR\AUTH\770133056
_9133022
701 1 _8rus
_7ca
_aБорисов
_bС. В.
_cд-р юрид. наук
_gСергей Викторович
_3RU\NLR\AUTH\7784051
_966979
701 1 _7ca
_8rus
_aБорисов
_bТ. Ю.
_cюрист
_9158956
_3RU\NLR\AUTH\770158997
712 0 2 _4570
_aАкадемия Генеральной прокуратуры Российской Федерации
_3RU\NLR\AUTH\8810102765
_9706155
801 0 _aRU
_bРГБ
_c20160504
_gRCR
801 1 _aRU
_bРГБ
_c20160504
_2rusmarc
942 _cBOOK
980 _aNBR